00558nam a2200181Ia 4500001000700000008004100007035001600048041001000064084001900074110004300093245009500136260002600231300002200257650001200279650003000291650003900321650001600360008073221003s2001 xx 000 0 spa d aCENDO_11315 aspab aMU-00049-00022 aCCOO.bUnión Regional de Extremadura 0aPlan de igualdad para la igualdad de oportunidades /cCCOO-Unión Regional de Extremadura a[S.l. :bs.n.,c2001] a[2] p. ;c 30 cm aMUJERES 0aIGUALDAD DE OPORTUNIDADES aDISCRIMINACION POR RAZONES DE SEXO aEXTREMADURA